| 000 | 00629nam a2200181 a 4500 | ||
|---|---|---|---|
| 005 | 20210223122431.0 | ||
| 008 | 991125s1979 ag 000 0 spa u | ||
| 035 | _aUPN01000035566 | ||
| 049 | _aCG | ||
| 050 | 4 |
_aLB1575 _bP3.5 |
|
| 100 | 1 | _aPardo Belgrado, María Ruth | |
| 245 | 1 | 3 |
_aLa literatura infantil en la escuela primaria / _cMaría Ruth Pardo Belgrado. |
| 260 |
_aBuenos Aires : _bPlus Ultra, _cc1979. |
||
| 300 | _a127 p. | ||
| 440 | 0 | _aComunicación: biblioteca en torno a los intereses de la literatura infantil-juvenil | |
| 650 | 4 |
_aLITERATURA INFANTIL - _xESTUDIO Y ENSEÑANZA (ELEMENTAL) _99174 |
|
| 905 | _aLibro | ||
| 999 |
_c35566 _d35566 |
||